Les 40 Ventes les plus chères du SL Benfica - Statistiques

Statistiques générales
  • Ce quiz a été pris 173 fois
  • Le résultat moyen est 23 sur 40
Statistiques - réponses
N Joueur Prix Nationalité Destination Saison % Correct
1 Joao Felix 127,20 M Portugal Atlético Madrid 19/20
99%
3 Darwin Nunez 85 M Uruguay Liverpool 22/23
98%
6 Joao Neves 59,92 M Portugal PSG 24/25
98%
2 Enzo Fernandez 121 M Argentine Chelsea 22/23
96%
5 Gonçalo Ramos 65 M Portugal PSG 23/24
93%
4 Ruben Dias 71,60 M Portugal Man. City 20/21
93%
14 Angel Di Maria 33 M Argentine Real Madrid 10/11
87%
8 Ederson 40 M Brésil Man. City 17/18
85%
13 Renato Sanches 35 M Portugal Bayern Munich 16/17
82%
9 Axel Witsel 40 M Belgique Zénith 12/13
81%
10 Raul Jimenez 38 M Mexique Wolverhampton 19/20
81%
12 Victor Lindelof 35 M Suède Man. United 17/18
76%
18 David Neres 28 M Brésil Naples 24/25
72%
17 Gonçalo Guedes 30 M Portugal PSG 16/17
72%
7 Marcos Leonardo 40 M Brésil Al-Hilal 24/25
72%
15 Fabio Coentrao 30 M Portugal Real Madrid 11/12
68%
11 Nelson Semedo 35 , 70 M Portugal FC Barcelone 17/18
68%
20 Namenja Matic 25 M Serbie Chelsea 13/14
65%
38 Mitroglou 15 M Grèce Marseille 17/18
64%
37 Bernardo Silva 15,75 M Portugal AS Monaco 14/15
63%
36 Jan Oblak 16 M Slovénie Atlético Madrid 14/15
63%
25 Luka Jovic 22,34 M Serbie Frankfurt 19/20
62%
35 Jota 16,20 M Portugal Celtic Glasgow 22/23
60%
19 Nico Gaitan 25 M Argentine Atlético Madrid 16/17
47%
22 David Luiz 25 M Brésil Chelsea 10/11
46%
39 Joao Cancelo 15 M Portugal Valence CF 15/16
46%
26 Ramires 22 M Brésil Chelsea 10/11
46%
33 Roman Yaremchuk 17 M Ukraine Club Bruges 22/23
43%
23 Lazar Markovic 25 M Serbie Liverpool 14/15
37%
24 Raul De Tomas 22,50 M Espagne Espanyol 19/20
36%
16 Rodrigo Moreno 30 M Espagne Valence CF 15/16
32%
21 Enzo Perez 25 M Argentine Valence CF 14/15
30%
40 Ivan Cavaleiro 15 M Portugal AS Monaco 15/16
26%
31 Pedrinho 18 M Brésil Shakhtar D. 21/22
26%
28 Andre Gomes 20 M Portugal Valence CF 15/16
22%
29 Simao Sabrosa 20 M Portugal Atlético Madrid 07/08
22%
27 Javi Garcia 20,20 M Espagne Man. City 12/13
18%
34 Nuno Gomes 17 M Portugal Fiorentina 00/01
18%
30 Anderson Talisca 19,20 M Brésil GZ Evergrande 18/19
15%
32 Manuel Fernandes 18 M Portugal Valence CF 07/08
13%
Aucun quiz correspondant
Distribution des résultats
% des personnes avec chaque résultat
Percentile par nombre de réponses
Votre historique - résultats
Vous n’avez pas pris ce quiz